Statistics for Countries with the Least Liveable Cities

Click here to take the quiz!

General Stats

  • This quiz has been taken 271 times
  • The average score is 5 of 10

Answer Stats

RankCityCountry% Correct
1DamascusSyria
81%
3LagosNigeria
75%
2DhakaBangladesh
65%
4KarachiPakistan
65%
7TripoliLibya
53%
9AlgiersAlgeria
41%
8DoualaCameroon
33%
6HarareZimbabwe
32%
10DakarSenegal
29%
5Port MoresbyPapua New Guinea
24%

Score Distribution

Percentile by Number Answered

Percent of People with Each Score

Your Score History

You have not taken this quiz